Score 0/10 Timer 04:00
0 Plays Today
Order Name of country % Correct
4Sweden
92.2%
8Denmark
92.2%
2Finland
90.4%
3Norway
90.4%
1Iceland
80.9%
6Ireland
70.4%
9Switzerland
68.7%
7New Zealand
65.2%
5Philippines
7.8%
10Nicaragua
1.7%

You're not logged in!

Compare scores with friends on all Sporcle quizzes.
OR
Log In

Sporcle TV

Today on Sporcle TV


Watch our educational content, quiz creation guides, and fun videos on Sporcle TV.

Show Comments

Extras

Created Oct 25, 2013SourceReportNominate
Tags:Country Quiz, place, Woman

Top Quizzes Today


Score Distribution

Paid Content

Your Account Isn't Verified!

In order to create a playlist on Sporcle, you need to verify the email address you used during registration. Go to your Sporcle Settings to finish the process.

Report this User

Report this user for behavior that violates our Community Guidelines.

Details: